| 000 | 00379nam a22001697a 4500 | ||
|---|---|---|---|
| 005 | 20160623095020.0 | ||
| 008 | 160623b xxu||||| |||| 00| 0 eng d | ||
| 020 | _a81-85814-66-X | ||
| 041 | _aeng | ||
| 082 | _b9058 | ||
| 100 |
_aRao, S.L. _92540 |
||
| 245 | _aSuccessful Negotiations | ||
| 260 |
_bWheeler _c1997 |
||
| 300 | _a213 | ||
| 650 |
_aManagement _9241 |
||
| 942 | _cBK | ||
| 999 |
_c3612 _d3611 |
||